00609nam a2200193 i 450000100060000000300090000600500170001500700030003200800410003502000150007608000210009110000370011224500760014926000330022530000290025849000310028783000330031885200640035114460ES-MaACL20240512063030.0t|990318s1992 sp a |||| | spa d a8487422276 a821.134.2-14"19"1 aRuiz de Torres, Juan,d1931-201411a¿Tí estí? b: (homenaje a la Filosofía) / cJuan Ruiz de Torres. aMadrid : bAltorrey, c1992. a67 p. : bil. ; c21 cm.1 aColección Río Aulencia0 aColección "Río Aulencia" aES-MaACLj2306-F-12 z. - Dedicatoria autógrafa del autor